000 00673nam a2200217Ia 4500
005 20241129110123.0
008 241129s9999||||xx |||||||||||||| ||und||
020 _a978-1-78330-624-4
037 _aTB
040 _aARTS
_beng
_cARTS
041 _aeng
_2eng
084 _a2:(D65,8(B)) R3(2D)
_qARTS
100 _aLai Ma Au.
_9727282
245 0 _aScholarly communication handbook: from research dissemination to societal impact
_cLai Ma Au.
260 _aUK
_bFacet Publishing
_c2014
300 _axx,133p.
365 _aUKP
_b45
650 _aLibrary ScienceComputer Application
_9727283
942 _cTB
_h2:(D65,8(B)) R3(2D)
999 _c1227379
_d1227379